=LDR 00000nam 2200000 4500 =001 INLIS000000000038228 =005 20130612143913 =008 ***********************************ind** =035 ##$$0010-061300000038228 =041 ##$$a ind =082 ##$$a 664.07 =100 ##$$a nur'an =245 ##$$a amankah makanan yang anda konsumsi =260 ##$$b arya pustaka =300 ##$$a 159 hlm =850 ##$$a NBPNMAT